000 00902nam0a22002531 4500
001 v19\rc\1492488
005 20060620115425.0
035 _a(NLR Aleph) 004621786
090 _a3050416
_c3050416
100 _a20060620d1881 |||y0rusy50 ca
101 0 _arus
102 _aRU
105 _ay j |||||
200 1 _aФинансовое право. 1881 г.
_eЛекции проф. Грифцова
_e3 кл.
_aПрибавление к Формальной части
210 _a[Санкт-Петербург
_d1881]
215 _a576, 28 с.
316 _aЭкз. РНБ (17.131.3.11): деф.: отсутствует конец лекций
_5NLR: 17.131.3.11
700 1 _aГрифцов
_bН. А.
_gНиколай Афанасьевич
801 0 _aRU
_bNLR
_gpsbo
801 0 _aRU
_bRuMoRGB
_2psbo
801 1 _aRU
_bProSoft-M
_2rusmarc
852 _aNLR
_j17.131.3.11
942 _cBOOK
980 _aNB